Особливості невербальної комунікації чоловіків та жінок (Запис № 281820)

МАРК-запис
000 -LEADER
fixed length control field 01220nam a22001577a 4500
041 ## - LANGUAGE CODE
Language code of text/sound track or separate title ukr
080 ## - UNIVERSAL DECIMAL CLASSIFICATION NUMBER
Universal Decimal Classification number 09
090 ## - LOCALLY ASSIGNED LC-TYPE CALL NUMBER (OCLC); LOCAL CALL NUMBER (OCLC)
Local cutter number (OCLC) ; Book number/undivided call number, CALL (RLIN) МІЩ
100 ## - MAIN ENTRY--PERSONAL NAME
Personal name Міщук О. Ф.
245 ## - TITLE STATEMENT
Title Особливості невербальної комунікації чоловіків та жінок
260 ## - PUBLICATION, DISTRIBUTION, ETC. (IMPRINT)
Place of publication, distribution, etc Острог
Name of publisher, distributor, etc КАФ
Date of publication, distribution, etc 2003
300 ## - PHYSICAL DESCRIPTION
Extent 41
520 ## - SUMMARY, ETC.
Summary, etc Розділ 1. Відмінності невербальних форм спілкування чоловіків та жінок.<br/>1.1. Біологічний фактор як чинник у спілкуванні чоловіків та жінок.<br/>1.2. Соціокультурні фактори гендерного підходу до спілкування.<br/>1.3. Міміка та жести.<br/>1.4. Стиль поведінки та презентації.<br/>Розділ 2. Рід як лінгвістичний маркер у спілкуванні.<br/>2.1. Фонетичні відмінності між гендерами.<br/>2.2. Інтеракція чоловіків та жінок: відмінності та їх причини.
-- Спілкування, невербальність, гендер.
650 ## - SUBJECT ADDED ENTRY--TOPICAL TERM
Topical term or geographic name as entry element Research Papers
942 ## - ADDED ENTRY ELEMENTS (KOHA)
Koha item type Книги
Фонди
Withdrawn status Lost status Source of classification or shelving scheme Damaged status Not for loan Home library Current library Date acquired Source of acquisition Coded location qualifier Cost, normal purchase price Total Checkouts Full call number Barcode Date last seen Price effective from Koha item type
    Universal Decimal Classification     ВІЛ - Відділ іноземн. літератури НБ ВІЛ - Відділ іноземн. літератури НБ 08/08/2005 Акт 03\01 В11 1.00   09 208750 20/12/2021 01/09/2003 Книги